[Event "AUTO-OPEN-3805"]
[Site "http://www.queenalice.com/game.php?id=1479381"]
[Date "2017.5.23"]
[Round "1"]
[White "Lopesq"]
[Black "acm_chessmaster"]
[Result "1-0"]
[WhiteElo "1849"]
[BlackElo "1853"]

1. Nf3 d5 2. d4 Bg4 3. Nbd2 Nf6 4. c3 Ne4 5. e3 Nxd2 6. Bxd2 e6 7. Be2 Bd6 8. h3
Bxf3 9. Bxf3 O-O 10. O-O c6 11. e4 dxe4 12. Bxe4 Bc7 13. Qh5 g6 14. Qd1 Qd6 15.
g3 h5 16. Bf4 Qd7 17. Bxc7 Qxc7 18. Bg2 Nd7 19. Rc1 Rad8 20. b4 a5 21. a3 axb4
22. axb4 b6 23. Qf3 c5 24. bxc5 bxc5 25. d5 e5 26. Qe4 Nf6 27. Qc4 Rd6 28. Rcd1
Rfd8 29. Qe2 Nxd5 30. Bxd5 Rxd5 31. Rxd5 Rxd5 32. Qc4 Qd6 33. Qa4 Qf6 34. Qe4
Rd6 35. Re1 Rd2 36. Qe3 c4 37. Qxd2 Qe6 38. Kh2 e4 39. Qe3 Qe5 40. Qd4 Qxd4 41.
cxd4 f5 42. Rc1 Kf7 43. Rxc4 g5 44. Rc5 Ke6 45. Kg2 g4 46. hxg4 hxg4 47. Re5+
Kf6 48. Kf1 Kg6 49. Ke2 Kf6 50. Ke3 Kg5 51. Re6 f4+ 52. gxf4+ Kf5 53. Re5+ Kf6
54. d5 Kf7 55. d6 g3 56. d7 Kf6 57. fxg3 Kf7 58. d8=Q Kg6 59. Qd6+ Kf7 60. Re7+
Kf8 61. Qd8# 1-0

[Event "AUTO-OPEN-3805"]
[Site "http://www.queenalice.com/game.php?id=1479382"]
[Date "2017.5.23"]
[Round "1"]
[White "acm_chessmaster"]
[Black "Lopesq"]
[Result "0-1"]
[WhiteElo "1889"]
[BlackElo "1733"]

1. e4 c5 2. Bc4 e6 3. d3 Nc6 4. a3 a6 5. Nf3 d6 6. O-O Be7 7. c3 b5 8. Ba2 Bb7
9. Bg5 Bxg5 10. Nxg5 Qxg5 11. Nd2 Nf6 12. Nf3 Qh5 13. Nd2 Qxd1 14. Rfxd1 O-O 15.
f3 e5 16. h3 Nh5 17. Kf2 Nf4 18. Nf1 Ne7 19. Ng3 g6 20. b4 cxb4 21. axb4 d5 22.
Ne2 Nxe2 23. Kxe2 d4 24. c4 bxc4 25. dxc4 Nc6 26. Rab1 Rab8 27. b5 axb5 28. Rxb5
Rfe8 29. c5 Ba6 30. Kf2 Rxb5 31. Bc4 Rb2+ 32. Kg3 Bxc4 33. Rc1 Be6 34. Kh2 Ra8
35. Kg3 Ra3 36. Rg1 h5 37. h4 f5 38. exf5 Bxf5 39. Re1 e4 40. Kf4 e3 41. g4 Rb1
42. Re2 Bd3 43. Rxe3 dxe3 44. Kxe3 Bb5+ 45. Kf4 Rb4+ 46. Kg5 Rxf3 47. gxh5 gxh5
48. Kxh5 Rg3 49. Kh6 Rxh4# 0-1

[Event "AUTO-OPEN-3805"]
[Site "http://www.queenalice.com/game.php?id=1479405"]
[Date "2017.5.23"]
[Round "1"]
[White "acm_chessmaster"]
[Black "TITAN10"]
[Result "1-0"]
[WhiteElo "1871"]
[BlackElo "1826"]

1. e4 c5 2. d4 cxd4 3. Qxd4 Nc6 4. Qd1 d6 5. Bb5 a6 6. Bxc6+ bxc6 7. Nf3 Nf6 8.
Nc3 e5 9. O-O Be7 10. Be3 h6 11. a3 O-O 12. b4 Be6 13. Ne2 Bc4 14. Nd2 Bxe2 15.
Qxe2 Qc7 16. c4 Rfd8 17. Rfd1 Rab8 18. h3 Bf8 19. Rab1 g5 20. f3 Nh5 21. Kh2 f5
22. exf5 Qf7 23. g4 Nf6 24. Nb3 Rd7 25. Bg1 Qe7 26. Na5 Rc7 27. c5 d5 28. Qxa6
Qd7 29. Qe2 e4 30. Bd4 Bg7 31. Bxf6 Bxf6 32. fxe4 d4 33. e5 Bg7 34. e6 Qd5 35.
Rd3 Bf6 36. Rbd1 Be5+ 37. Kg1 Re7 38. Nxc6 Qxc6 39. Qxe5 1-0

[Event "AUTO-OPEN-3805"]
[Site "http://www.queenalice.com/game.php?id=1479406"]
[Date "2017.5.23"]
[Round "1"]
[White "TITAN10"]
[Black "acm_chessmaster"]
[Result "0-1"]
[WhiteElo "1841"]
[BlackElo "1856"]

1. e4 e5 2. Nf3 Nc6 3. c3 d6 4. h3 f5 5. d3 f4 6. Bd2 Bd7 7. Na3 a6 8. Qc2 h6 9.
Be2 Nf6 10. O-O-O g5 11. d4 exd4 12. cxd4 Qe7 13. Bd3 O-O-O 14. Rhe1 Bg7 15. Bc3
Rde8 16. e5 dxe5 17. dxe5 Nd5 18. Bg6 Ref8 19. Nc4 Be8 20. Bxe8 Rxe8 21. Rxd5
Rd8 22. Red1 Rxd5 23. Rxd5 Rd8 24. Rxd8+ Qxd8 25. Qd2 Qxd2+ 26. Kxd2 b5 27. Na5
Nxa5 28. Bxa5 Kd7 29. Kd3 c5 30. Bd2 Ke6 31. Ke4 b4 32. a3 a5 33. a4 Bh8 34. b3
Bg7 35. Bc1 Bh8 36. Bb2 Bg7 37. Nd2 h5 38. Nc4 g4 39. Nxa5 f3 0-1

[Event "Let's Play Chess!"]
[Site "http://www.queenalice.com/game.php?id=1480537"]
[Date "2017.6.1"]
[Round "-"]
[White "Andrei_78"]
[Black "acm_chessmaster"]
[Result "0-1"]
[WhiteElo "1676"]
[BlackElo "1844"]

1. e4 e5 2. Nf3 Nc6 3. a3 Bc5 4. Bc4 d6 5. O-O h6 6. h3 Nf6 7. d3 Nd4 8. Nxd4
O-O 9. Nb3 Bb6 10. Qf3 a6 11. Qg3 Kh7 12. N1d2 c6 13. Nf3 Ba7 14. Bd2 b5 15.
Bxb5 axb5 16. Ba5 Bb6 17. Bxb6 Qxb6 18. Nh2 Be6 19. Nf3 Nh5 20. Qh4 Nf4 21. Rfe1
Bxb3 22. cxb3 Nxd3 23. Red1 Nc5 24. Rxd6 Nxb3 25. Ng5+ Kg8 26. Rad1 hxg5 27.
Qxg5 f6 28. Qf5 Nd4 29. Qg4 Ra7 30. Rd7 Rxd7 31. Qxd7 Rd8 32. Qe6+ Nxe6 33.
Rxd8+ Qxd8 34. g3 Ng5 35. b4 Nxh3+ 36. Kg2 Ng5 37. f4 exf4 38. gxf4 Nxe4 39. Kf3
f5 40. Ke3 Qd2+ 41. Kf3 Qf2# 0-1

[Event "Let's Play Chess!"]
[Site "http://www.queenalice.com/game.php?id=1480579"]
[Date "2017.6.1"]
[Round "-"]
[White "paolop69"]
[Black "acm_chessmaster"]
[Result "1-0"]
[WhiteElo "1684"]
[BlackElo "1856"]

1. e4 e5 2. Bc4 Bc5 3. Qf3 Qf6 4. d3 d6 5. c3 h6 6. Be3 Qxf3 7. Nxf3 Bxe3 8.
fxe3 Nf6 9. h3 O-O 10. Nbd2 a5 11. g4 b5 12. Bb3 a4 13. Bc2 c5 14. Bd1 Nc6 15.
O-O g5 16. b3 axb3 17. Bxb3 Kg7 18. Kg2 b4 19. Nc4 Rd8 20. Nb6 Ra6 21. Nd5 Nxd5
22. exd5 Na5 23. c4 Nxb3 24. axb3 Bb7 25. e4 Rda8 26. Rxa6 Rxa6 27. Kg3 Ra2 28.
h4 f6 29. hxg5 hxg5 30. Rf2 Ra3 31. Nd2 Ra2 32. Kf3 Rc2 33. Ke3 Rb2 34. Nf1 Rxb3
35. Ra2 Ra3 36. Rb2 Bc8 37. Ng3 Bxg4 38. Nf5+ Bxf5 39. exf5 Kh6 40. Rh2+ Kg7 41.
Ke4 Ra8 42. Kf3 Ra1 43. Rb2 Rf1+ 44. Kg4 Rf4+ 45. Kg3 Rxf5 46. Ra2 Kf7 47. Ra7+
Ke8 48. Ra6 Kd7 49. Ra7+ Kc8 50. Ra6 Kc7 51. Rc6+ Kd7 52. Rb6 Rf4 53. Rb7+ Kc8
54. Rb6 Kc7 55. Rc6+ Kd7 56. Rb6 Rd4 57. Rb7+ Kc8 58. Rb6 Rxd3+ 59. Kg4 Rd4+ 60.
Kf5 Rf4+ 61. Ke6 g4 62. Kxd6 g3 63. Ra6 g2 64. Kc6 Kb8 65. Rb6+ Ka7 66. Rb7+ Ka8
67. Rg7 Rf2 68. Kb6 Rf5 69. Rg8# 1-0

[Event "Let's Play Chess!"]
[Site "http://www.queenalice.com/game.php?id=1480581"]
[Date "2017.6.1"]
[Round "-"]
[White "acm_chessmaster"]
[Black "paolop69"]
[Result "1-0"]
[WhiteElo "1833"]
[BlackElo "1707"]

1. e4 e5 2. Bc4 Nc6 3. d3 a6 4. a3 Nd4 5. c3 b5 6. Bd5 c6 7. Bxf7+ Kxf7 8. cxd4
exd4 9. Nf3 Ke8 10. Nxd4 Nf6 11. Nc3 c5 12. Nf3 Bb7 13. O-O d6 14. h3 Be7 15. b3
Bc6 16. Bb2 b4 17. axb4 cxb4 18. Na2 a5 19. Nd4 Bd7 20. Nf5 Bxf5 21. exf5 Rc8
22. Rc1 Kd7 23. Rxc8 Qxc8 24. Qc1 Qxc1 25. Rxc1 Rc8 26. Rxc8 Kxc8 27. Bxf6 Bxf6
28. Nc1 Bg5 29. Ne2 h6 30. Nd4 Kc7 31. f4 Bf6 32. Ne6+ Kd7 33. Kf2 d5 34. g4 Kd6
35. Ke3 Kc6 36. Kd2 Bc3+ 37. Kc2 Kb5 38. g5 hxg5 39. fxg5 a4 40. bxa4+ Kxa4 41.
Nc5+ Kb5 42. Ne6 Ka4 43. Nc5+ Kb5 44. Nb3 Kc6 45. d4 Be1 46. Nc1 Bh4 47. g6 Kd6
48. Nd3 Ke7 49. Nxb4 Kf6 50. Nxd5+ Kxf5 51. Ne3+ Kxg6 52. d5 Kf6 53. Kc3 Be1+
54. Kc4 g5 55. Kc5 Bf2 56. Kd4 Ke7 57. Ke4 Be1 58. Kf5 Bd2 59. Ng4 Kd6 60. Nf6
Bc1 61. Nh7 Kxd5 62. Nxg5 Kd6 63. Kf6 Bb2+ 64. Kf7 Ke5 65. Kg6 Kf4 66. h4 Kg4
67. h5 Kf4 68. h6 Ke5 69. h7 Kd6 70. Kf7 Kd5 71. Ne6 Kc4 72. Ng7 1-0

[Event "Challenge"]
[Site "http://www.queenalice.com/game.php?id=1486369"]
[Date "2017.7.16"]
[Round "-"]
[White "zubarev"]
[Black "acm_chessmaster"]
[Result "1-0"]
[WhiteElo "1829"]
[BlackElo "1819"]

1. b3 e5 2. Bb2 Nc6 3. Nc3 Bc5 4. e4 d6 5. Bb5 Bd7 6. Nd5 Nge7 7. Nf3 O-O 8. O-O
a6 9. Be2 f5 10. Nxe7+ Nxe7 11. exf5 Bxf5 12. d4 exd4 13. Bd3 Qd7 14. Nxd4 Bxd3
15. Qxd3 Bxd4 16. Qxd4 Nc6 17. Qe3 Qe7 18. Qxe7 Nxe7 19. Rfe1 Nd5 20. c4 Nf4 21.
Re7 Rf7 22. Rae1 Nd3 23. Rxf7 Kxf7 24. Re2 Nxb2 25. Rxb2 Re8 26. Kf1 h5 27. Re2
Rxe2 28. Kxe2 Ke6 29. Ke3 Ke5 30. f4+ Kf5 31. g3 c5 32. Kf3 b5 33. h3 g6 34. g4+
hxg4+ 35. hxg4+ Ke6 36. Ke4 b4 37. f5+ gxf5+ 38. gxf5+ Kf6 39. Kd5 Kxf5 40. Kxd6
Ke4 41. Kxc5 a5 42. Kb6 a4 43. Kb5 axb3 44. axb3 Ke5 45. Kb6 Kd6 46. Kb5 Kc7 47.
Kxb4 Kb6 48. Kc3 Kc5 49. b4+ Kb6 50. Kd4 Kc6 51. b5+ Kb6 52. Kd5 Kc7 53. c5 Kd7
54. b6 Kc8 55. c6 Kb8 56. Kd6 Kc8 57. b7+ Kb8 58. Kd7 Ka7 59. Kc8 Kb6 60. c7 Kc6
61. b8=Q Kd6 62. Kd8 Ke6 63. c8=Q+ Kf6 64. Qcc7 Ke6 65. Qbb6+ Kd5 66. Qcc5+ Ke4
67. Qbb4+ Kd3 68. Qcc3+ Ke2 69. Qbb2+ Kd1 70. Qcc1# 1-0

[Event "Canal Nostalgia"]
[Site "http://www.queenalice.com/game.php?id=1489031"]
[Date "2017.8.6"]
[Round "-"]
[White "acm_chessmaster"]
[Black "zubarev"]
[Result "1-0"]
[WhiteElo "1803"]
[BlackElo "1750"]

1. e4 e5 2. Bc4 Bc5 3. d3 Nf6 4. Bg5 O-O 5. Bxf6 Qxf6 6. Qf3 Nc6 7. Qxf6 gxf6 8.
c3 Be7 9. Nf3 Kh8 10. Nbd2 d6 11. a3 Be6 12. b4 Rg8 13. g3 Bg4 14. Bxf7 Rg7 15.
Bd5 Bf8 16. h3 Bd7 17. O-O-O Rb8 18. Kb2 Ne7 19. Ba2 c5 20. Bb3 Be6 21. Bxe6
cxb4 22. axb4 b6 23. Ra1 a5 24. b5 Ng6 25. c4 Ne7 26. Nh4 Ng6 27. Ndf3 Ne7 28.
Nf5 Nxf5 29. Bxf5 Rc7 30. h4 h5 31. Nh2 Bh6 32. f3 Rg8 33. Rhg1 Rcg7 34. Nf1 Bf4
35. g4 hxg4 36. Bxg4 Rc7 37. Ng3 Be3 38. Nf5 Bc5 39. Rg2 Ra8 40. Kb3 Kh7 41. h5
Rca7 42. Rga2 Rc7 43. h6 Rg8 44. Rg2 Ra8 45. Ka4 Bb4 46. Raa2 Rf7 47. Bh5 Rd7
48. Rg4 Be1 49. Rag2 Raa7 50. Rg6 Rf7 51. Nxd6 Rfd7 52. Rxf6 Bb4 53. Bg6+ Kg8
54. h7+ Rxh7 55. Bxh7+ Kxh7 56. Rf7+ Rxf7 57. Nxf7 Ba3 58. Nxe5 Bb2 59. Nd7 Bd4
60. f4 1-0

[Event "NP Músicas"]
[Site "http://www.queenalice.com/game.php?id=1491157"]
[Date "2017.8.22"]
[Round "-"]
[White "zubarev"]
[Black "acm_chessmaster"]
[Result "1/2-1/2"]
[WhiteElo "1813"]
[BlackElo "1829"]

1. e4 e5 2. f4 d5 3. exd5 Qxd5 4. Nc3 Qe6 5. Be2 exf4 6. Nf3 Qg4 7. O-O f6 8. d4
c6 9. Ne1 Qd7 10. Bxf4 Bd6 11. Bxd6 Qxd6 12. Ne4 Qe7 13. Bf3 Bf5 14. Ng3 Nh6 15.
Nd3 O-O 16. Re1 Qd6 17. Nxf5 Nxf5 18. c3 Nd7 19. Qb3+ Kh8 20. Qxb7 Rfb8 21. Qxc6
Re8 22. Kf2 h6 23. Red1 Qxh2 24. Qxd7 Qg3+ 25. Kg1 Nh4 26. Qg4 Nxf3+ 27. Qxf3
Qd6 28. Nc5 Rab8 29. Re1 Re7 30. Rxe7 Qxe7 31. b3 Re8 32. Rf1 Qe2 33. Qc6 Qe3+
34. Kh1 Qe2 35. Kg1 Qe3+ 36. Kh1 1/2-1/2

[Event "Rede Plan TV"]
[Site "http://www.queenalice.com/game.php?id=1491199"]
[Date "2017.8.23"]
[Round "-"]
[White "acm_chessmaster"]
[Black "zubarev"]
[Result "1-0"]
[WhiteElo "1828"]
[BlackElo "1790"]

1. e4 e5 2. Bc4 Bc5 3. d3 Nf6 4. Bg5 O-O 5. Bxf6 Qxf6 6. Qf3 Qxf3 7. Nxf3 Nc6 8.
c3 Be7 9. b4 d6 10. Nbd2 Kh8 11. O-O Bg4 12. h3 Bh5 13. Bd5 Bg6 14. Bxc6 bxc6
15. a3 Rad8 16. Rfe1 f5 17. c4 fxe4 18. dxe4 Bf6 19. Kf1 d5 20. c5 dxe4 21. Nxe4
Bxe4 22. Rxe4 Rd5 23. Rae1 Rfd8 24. g3 Re8 25. h4 Rd3 26. Nxe5 Rxa3 27. Ng6+
hxg6 28. Rxe8+ Kh7 29. Rc8 Bc3 30. Ree8 g5 31. h5 g6 32. Rxc7+ Kh6 33. hxg6 Kxg6
34. g4 Kf6 35. Rxc6+ Kf7 36. Rb8 Bf6 37. Rc7+ Ke6 38. Rbb7 Kd5 39. Rxa7 Rh3 40.
Rd7+ Ke4 41. Kg2 Rb3 42. c6 Rxb4 43. Rdb7 Rc4 44. c7 Kf4 45. Ra8 Kxg4 46. c8=Q+
Rxc8 47. Rxc8 Bd8 48. Rf7 Bf6 49. Rxf6 Kh5 50. Rh8+ Kg4 51. f3# 1-0

[Event "Rádio 100% Jogos de SINUCA"]
[Site "http://www.queenalice.com/game.php?id=1491860"]
[Date "2017.8.27"]
[Round "-"]
[White "zubarev"]
[Black "acm_chessmaster"]
[Result "1/2-1/2"]
[WhiteElo "1827"]
[BlackElo "1843"]

1. d4 d5 2. Nc3 Nf6 3. e3 e6 4. Nf3 a6 5. Bd3 Bb4 6. Bd2 Bxc3 7. Bxc3 O-O 8. Ne5
Nbd7 9. f4 Nxe5 10. fxe5 Nd7 11. O-O f5 12. exf6 Rxf6 13. Qg4 Rh6 14. Bd2 Qh4
15. Qxh4 Rxh4 16. Rf3 Rh6 17. e4 dxe4 18. Bxe4 Rf6 19. Rg3 Rf7 20. Rf1 Nf6 21.
Bd3 Bd7 22. Bg5 Raf8 23. c3 Nh5 24. Re3 h6 25. Bh4 Nf4 26. Bg3 Nxd3 27. Rxf7
Rxf7 28. Rxd3 Bb5 29. Rd1 Bc6 30. Rf1 Bd5 31. a3 c6 32. Rxf7 Kxf7 33. Be5 g6 34.
Kf2 g5 35. g3 Kg6 36. g4 h5 37. h3 Bb3 38. Kg3 h4+ 39. Kg2 Bd5+ 40. Kh2 Bb3 41.
Kg2 a5 42. Kf2 a4 43. Ke3 b5 44. Bd6 Bc4 45. Kf2 Kf6 46. Ke3 Bf1 47. Kf3 Bxh3
48. Be5+ Ke7 49. Bc7 Kd7 50. Be5 Ke7 51. Bc7 Kf6 1/2-1/2

[Event "Suely Braz Costa"]
[Site "http://www.queenalice.com/game.php?id=1491901"]
[Date "2017.8.27"]
[Round "-"]
[White "acm_chessmaster"]
[Black "zubarev"]
[Result "1-0"]
[WhiteElo "1825"]
[BlackElo "1880"]

1. e4 e5 2. Bc4 Nf6 3. d3 Bc5 4. Bg5 Be7 5. Bxf6 Bxf6 6. Nc3 O-O 7. Nd5 Nc6 8.
c3 d6 9. Nxf6+ Qxf6 10. Qf3 Be6 11. Qxf6 gxf6 12. Bb5 d5 13. Bxc6 bxc6 14. Ne2
Kh8 15. O-O Rg8 16. g3 f5 17. exf5 Bxf5 18. d4 Rae8 19. Rfe1 e4 20. Nf4 Be6 21.
Nxe6 fxe6 22. Re3 Rgf8 23. Kg2 Rf6 24. f4 exf3+ 25. Rxf3 Ref8 26. Raf1 Rxf3 27.
Rxf3 Kg7 28. Rxf8 Kxf8 29. Kf3 Kf7 30. Kf4 Kf6 31. g4 h6 32. h4 c5 33. b3 c6 34.
a3 cxd4 35. cxd4 a6 36. b4 Ke7 37. Ke5 Kd7 38. a4 Ke7 39. g5 hxg5 40. hxg5 c5
41. bxc5 Kd7 42. g6 Ke7 43. c6 a5 44. g7 Kf7 45. c7 1-0

[Event "Singer and songwriter"]
[Site "http://www.queenalice.com/game.php?id=1492056"]
[Date "2017.8.28"]
[Round "-"]
[White "zubarev"]
[Black "acm_chessmaster"]
[Result "1-0"]
[WhiteElo "1820"]
[BlackElo "1842"]

1. d4 d5 2. Nc3 Nf6 3. Bd2 Bf5 4. Nf3 e6 5. e3 Bd6 6. Ne5 Nfd7 7. Be2 Nxe5 8.
dxe5 Bxe5 9. O-O a6 10. f4 Bf6 11. Bd3 Bxd3 12. cxd3 c5 13. e4 Bxc3 14. Bxc3 d4
15. Bd2 O-O 16. f5 e5 17. f6 g6 18. Qf3 Nd7 19. Bg5 Re8 20. Qh3 Nf8 21. Qh6 Ne6
22. Rf3 Qb6 23. Bc1 Qb4 24. Bd2 Qxb2 25. Raf1 Qxa2 26. Rh3 Qxd2 27. Qxd2 h5 28.
Rg3 a5 29. Qh6 a4 30. Rxg6+ fxg6 31. f7# 1-0

[Event "Christian Sonic"]
[Site "http://www.queenalice.com/game.php?id=1492933"]
[Date "2017.9.4"]
[Round "-"]
[White "zubarev"]
[Black "acm_chessmaster"]
[Result "1/2-1/2"]
[WhiteElo "2017"]
[BlackElo "1853"]

1. e4 e5 2. f4 Nc6 3. Nf3 d6 4. Bc4 Bg4 5. O-O h6 6. Nc3 Nd4 7. Be2 Nxe2+ 8.
Qxe2 c6 9. d3 Nf6 10. Be3 Be7 11. Qf2 Bxf3 12. Qxf3 exf4 13. Bxf4 O-O 14. e5 Ne8
15. exd6 Bxd6 16. Bxd6 Nxd6 17. Rae1 Qd7 18. Ne4 Nxe4 19. Rxe4 Rfe8 20. Rxe8+
Rxe8 21. Qf2 Qe6 22. Qxa7 Qe3+ 23. Qxe3 Rxe3 24. Kf2 Re5 25. Rd1 f5 26. d4 Rd5
27. c3 b5 28. Re1 Kf7 29. Kf3 g5 30. g4 f4 31. Re4 Kf6 32. Re8 c5 33. Re4 cxd4
34. Rxd4 Rxd4 35. cxd4 Ke6 36. Ke4 Kd6 37. b3 Kc6 38. a3 Kb6 39. b4 Kc6 40. h3
Kd6 41. h4 Ke6 42. hxg5 hxg5 43. d5+ Kd6 44. Kd4 Kc7 45. Ke4 Kd6 46. Kd4 Ke7 47.
Ke4 Kf6 1/2-1/2

[Event "Tá Gravando"]
[Site "http://www.queenalice.com/game.php?id=1492934"]
[Date "2017.9.4"]
[Round "-"]
[White "acm_chessmaster"]
[Black "zubarev"]
[Result "0-1"]
[WhiteElo "1882"]
[BlackElo "1988"]

1. e4 e5 2. Bc4 Nf6 3. d3 Bc5 4. Bg5 O-O 5. Bxf6 Qxf6 6. Qf3 Qb6 7. b3 Nc6 8. c3
Be7 9. Ne2 d6 10. b4 Nd8 11. O-O Be6 12. Nd2 Bxc4 13. Nxc4 Qc6 14. Na5 Qd7 15.
Ng3 b6 16. Nb3 Ne6 17. Nf5 Bf6 18. a4 c6 19. Ne3 Rad8 20. Ng4 Be7 21. h3 Ng5 22.
Qe2 f5 23. Nh2 f4 24. Qg4 Qxg4 25. Nxg4 h5 26. Nh2 d5 27. f3 dxe4 28. dxe4 Rd3
29. Rac1 Rfd8 30. a5 Re3 31. axb6 axb6 32. Rfe1 Red3 33. Nf1 R3d7 34. Nfd2 Ne6
35. Nc4 b5 36. Nca5 c5 37. Nc6 Re8 38. Nxe7+ Rdxe7 39. Nxc5 Nxc5 40. bxc5 Rc7
41. Rb1 Rxc5 42. Rec1 Rec8 43. Rb3 Kf7 44. Kf2 Ke6 45. Rd1 R8c7 46. Rd3 g6 47.
Ra3 Rc4 48. Rb3 R7c5 49. Ra3 Rc6 50. Rb3 R4c5 51. Rb4 Ra6 52. Rb3 Rac6 53. Rd1
Rxc3 54. Rxb5 Rc2+ 55. Kg1 R2c5 56. Rdb1 Rc2 57. Rb6 Kd7 58. Rb7+ Ke6 59. Rg7
Kf6 60. Rbb7 Kg5 61. Rbf7 Kh4 62. Re7 Kg3 63. Kf1 Rf2+ 64. Ke1 Rc1# 0-1

[Event "resgatedopassadoVagnerScandolher"]
[Site "http://www.queenalice.com/game.php?id=1493161"]
[Date "2017.9.6"]
[Round "-"]
[White "acm_chessmaster"]
[Black "zubarev"]
[Result "1-0"]
[WhiteElo "1860"]
[BlackElo "2010"]

1. e4 e5 2. Bc4 Nf6 3. d3 Be7 4. Nc3 O-O 5. Nf3 Nc6 6. Nd5 d6 7. Nxf6+ Bxf6 8.
Be3 Be6 9. Bxe6 fxe6 10. c3 d5 11. O-O d4 12. Bd2 Qe7 13. Qc1 Rad8 14. c4 Nb4
15. Bxb4 Qxb4 16. Qd2 Qd6 17. b4 b6 18. a4 c5 19. b5 Qc7 20. a5 Rb8 21. a6 Qf7
22. Ng5 Bxg5 23. Qxg5 Qf6 24. Qxf6 Rxf6 25. f3 Rf7 26. Kf2 g6 27. Ke2 h6 28. h3
g5 29. g4 Kg7 30. Rf2 Kg6 31. Rh1 Rf4 32. h4 Rh8 33. hxg5 Kxg5 34. Rh5+ Kg6 35.
Rxe5 Kf7 36. Rh2 Rf6 37. g5 Rg6 38. f4 h5 39. Kf3 Rh7 40. Kg3 Ke7 41. Kh4 Kd6
42. Rf2 Rgg7 43. Rg2 Rg6 44. Rg3 Rgg7 45. g6 Rh6 46. Reg5 1-0

[Event "AUTO-ADV-3838"]
[Site "http://www.queenalice.com/game.php?id=1493280"]
[Date "2017.9.7"]
[Round "2"]
[White "Lopesq"]
[Black "acm_chessmaster"]
[Result "1-0"]
[WhiteElo "1954"]
[BlackElo "1875"]

1. Nf3 Nc6 2. d4 d5 3. c3 Bg4 4. Nbd2 Nf6 5. h3 Bf5 6. e3 e6 7. Be2 Ne4 8. Bb5
f6 9. Nh4 Bg6 10. O-O f5 11. Nhf3 Bh5 12. Qa4 Qd7 13. Ne5 Qd6 14. Bxc6+ bxc6 15.
Nxe4 Qd8 16. Ng3 Bg6 17. Qxc6+ Ke7 18. Qa6 Qd6 19. Qb7 Re8 20. Nc6+ Kf7 21. Nxa7
Qb6 22. Qxb6 cxb6 23. Nc6 Bd6 24. Ne5+ Bxe5 25. dxe5 Rb8 26. h4 h6 27. h5 Bh7
28. f3 g5 29. f4 g4 30. Bd2 Rb7 31. b3 Ra8 32. b4 Rba7 33. a3 Rxa3 34. Rxa3 Rxa3
35. Rd1 b5 36. Kf1 Ra2 37. Ke1 Bg8 38. Ne2 Ke7 39. Nd4 Bf7 40. g3 Be8 41. Ke2
Ra8 42. Bc1 Ra2+ 43. Rd2 Ra8 44. Bb2 Rb8 45. Rd1 Rb7 46. Ra1 Bxh5 47. Rh1 Bf7
48. Rxh6 Rb6 49. Nxf5+ Kd7 50. Nd6 Rxd6 51. exd6 Kxd6 52. Kd3 Ke7 53. Rh7 Kf8
54. Rh4 Bg6+ 55. Kd4 Ke7 56. Rxg4 Bf5 57. Rg7+ Kd6 58. g4 Be4 59. g5 Bb1 60. g6
Bf5 61. Rg8 Ke7 62. Ke5 Bc2 63. Rg7+ Kf8 64. Rf7+ Kg8 65. f5 exf5 66. Rxf5 Kg7
67. Rg5 Be4 68. Kf4 Bb1 69. c4+ Kh6 70. cxd5 Bxg6 71. Rxg6+ Kxg6 72. Ke5 Kf7 73.
d6 Ke8 74. Ke6 Kd8 75. d7 Kc7 76. Ke7 Kc6 77. d8=Q Kb7 78. Bd4 Kc6 79. Qd6+ Kb7
80. Qb6+ Kc8 81. Qc6+ Kb8 82. Qxb5+ Kc7 83. Qb6+ Kc8 84. Kf6 Kd7 85. Ke5 Kc8 86.
Qa7 Kd8 87. Kd6 Ke8 88. Qc7 Kf8 89. Ke6 Kg8 90. Kf6 Kh8 91. Qg7# 1-0

[Event "AUTO-ADV-3838"]
[Site "http://www.queenalice.com/game.php?id=1493281"]
[Date "2017.9.7"]
[Round "2"]
[White "acm_chessmaster"]
[Black "Lopesq"]
[Result "0-1"]
[WhiteElo "1896"]
[BlackElo "1959"]

1. e4 c5 2. Nf3 Nc6 3. d4 cxd4 4. Nxd4 e5 5. Nxc6 bxc6 6. Bc4 Nf6 7. Bg5 Be7 8.
Bxf6 Bxf6 9. O-O O-O 10. Nc3 d6 11. a3 a5 12. Ba2 Ba6 13. Re1 Bg5 14. f3 Qb6+
15. Kh1 Rad8 16. b3 Bh4 17. g3 Bf6 18. Rb1 Qc7 19. a4 h6 20. Kg2 d5 21. exd5
cxd5 22. Qc1 Qxc3 23. Re3 Qc6 24. Re1 Bb7 25. Qe3 d4 26. Qd3 Rfe8 27. Kf2 Bg5
28. h4 Be3+ 29. Rxe3 dxe3+ 30. Qxe3 Qxc2+ 31. Qe2 Rd2 32. Re1 Ba6 33. Bb1 Rxe2+
34. Rxe2 Qxe2+ 35. Kg1 Qf1+ 36. Kh2 Qxb1 37. g4 Qxb3 38. Kg3 Bb7 39. h5 Qxf3+
40. Kh4 Qf4 41. Kh3 Qxa4 42. Kh4 Bf3 43. Kh3 Qxg4+ 44. Kh2 Qg2# 0-1

[Event "AUTO-ADV-3838"]
[Site "http://www.queenalice.com/game.php?id=1493282"]
[Date "2017.9.7"]
[Round "2"]
[White "bouley"]
[Black "acm_chessmaster"]
[Result "0-1"]
[WhiteElo "2114"]
[BlackElo "1870"]

1. e4 e5 2. Bc4 Bc5 3. Nf3 d6 4. O-O Bg4 5. d3 Bxf3 6. Qxf3 Qf6 7. Nd2 a6 8. a3
Nd7 9. Qxf6 Ngxf6 10. Nf3 Nb6 11. Ba2 h6 12. c3 Nbd7 13. b4 Ba7 14. Be3 Bxe3 15.
fxe3 O-O 16. Nd2 b5 17. d4 Ng4 18. Rae1 h5 19. h3 Nh6 20. Rf2 g6 21. Ref1 Kg7
22. Nf3 f6 23. Be6 Rad8 24. Nd2 Ng8 25. c4 c6 26. cxb5 cxb5 27. Nb3 Nb6 28. Bxg8
Kxg8 29. Rxf6 Rxf6 30. Rxf6 Kg7 31. dxe5 Nc4 32. Re6 dxe5 33. Rxa6 Rd3 34. Nc5
Rxe3 35. a4 bxa4 36. Rxa4 Nd2 37. b5 Rc3 38. Ne6+ Kf6 39. Ra6 Rc1+ 40. Kh2 h4
41. Nf4+ Kg5 42. Nxg6 Nf1+ 43. Kh1 Ng3+ 44. Kh2 Rh1# 0-1

[Event "AUTO-ADV-3838"]
[Site "http://www.queenalice.com/game.php?id=1493283"]
[Date "2017.9.7"]
[Round "2"]
[White "acm_chessmaster"]
[Black "bouley"]
[Result "0-1"]
[WhiteElo "1883"]
[BlackElo "2079"]

1. e4 Nc6 2. d4 d5 3. e5 Bf5 4. Nf3 Nb4 5. Na3 e6 6. Bd2 Nc6 7. Nb1 Bb4 8. c3
Be7 9. Be2 f6 10. exf6 Nxf6 11. Ne5 Nxe5 12. dxe5 Ne4 13. f4 O-O 14. O-O Bc5+
15. Kh1 Nf2+ 16. Rxf2 Bxf2 17. Qf1 Bb6 18. Qf3 Qh4 19. Qh5 Qxh5 20. Bxh5 g6 21.
Bf3 c5 22. Be3 Bxb1 23. Rxb1 Rab8 24. a3 d4 25. cxd4 cxd4 26. Bg1 Rxf4 27. Rd1
a5 28. h3 Bc5 29. Bh2 Rff8 30. Bg4 Rbe8 31. Bg1 Rf4 32. Bh2 Rf2 33. b4 axb4 34.
axb4 Bxb4 35. Bg1 Rd2 36. Rb1 Bc3 37. Rxb7 d3 38. Rb6 Bxe5 39. Bxe6+ Kg7 40.
Rb7+ Kh6 41. Be3+ g5 42. Bxd2 Rxe6 43. g4 Bf4 44. Bc3 d2 45. Rd7 Re1+ 46. Kg2
d1=Q 47. Rxd1 Rxd1 48. Bf6 Kg6 49. Be7 Rd2+ 50. Kf3 Rh2 51. h4 Rxh4 52. Bd8 Rh3+
53. Ke4 Rg3 54. Bxg5 Kxg5 55. Kd4 Kxg4 56. Ke4 h5 57. Kd5 h4 58. Ke4 h3 59. Kd4
h2 60. Ke4 h1=Q+ 61. Kd4 Qc1 62. Ke4 Rc3 63. Kd4 Kf5 64. Kd5 Qd2# 0-1

[Event "Fatos Desconhecidos"]
[Site "http://www.queenalice.com/game.php?id=1500866"]
[Date "2017.10.28"]
[Round "-"]
[White "zubarev"]
[Black "acm_chessmaster"]
[Result "0-1"]
[WhiteElo "1821"]
[BlackElo "1877"]

1. a3 e5 2. e4 d5 3. exd5 Qxd5 4. Nc3 Qd8 5. d3 Nc6 6. Nf3 Nf6 7. Be2 Nd5 8.
Nxd5 Qxd5 9. O-O Be7 10. Bd2 O-O 11. c3 Bf5 12. Be1 Rad8 13. c4 Qd7 14. b4 a6
15. b5 axb5 16. cxb5 Nd4 17. a4 Nxf3+ 18. Bxf3 Qxd3 19. Ba5 b6 20. Qxd3 Rxd3 21.
Be1 Rb3 22. Be2 Bd3 23. Bxd3 Rxd3 24. f3 Rfd8 25. Bg3 f6 26. a5 bxa5 27. Rxa5
Bc5+ 28. Kh1 Rd1 29. Ra1 R1d3 30. Bf2 Bxf2 31. Rxf2 Rd1+ 32. Rf1 R1d5 33. Rab1
Rc5 34. b6 cxb6 35. Rxb6 Rcd5 36. Kg1 h6 37. Rb2 Kh7 38. h3 g5 39. Kh2 h5 40.
Kg3 Kg6 41. Rff2 h4+ 42. Kh2 Rd1 43. g3 hxg3+ 44. Kxg3 Rg1+ 45. Kh2 Rdd1 46. Rg2
Rh1+ 47. Kg3 Rdf1 48. Rbf2 Kf5 49. Rxf1 Rxf1 50. Rb2 Rd1 51. Re2 Rd4 52. Re3 Kg6
53. Kf2 Rd2+ 54. Kg3 Rd5 55. Kf2 f5 56. Rc3 f4 57. Rc2 Kf5 58. Rc4 Rd2+ 59. Kg1
Re2 60. Rc8 Kf6 61. Rf8+ Kg7 62. Rf5 Kg6 0-1

[Event "Terça Livre"]
[Site "http://www.queenalice.com/game.php?id=1500867"]
[Date "2017.10.28"]
[Round "-"]
[White "acm_chessmaster"]
[Black "zubarev"]
[Result "1-0"]
[WhiteElo "1862"]
[BlackElo "1836"]

1. e4 e5 2. Bc4 Nf6 3. d3 Bc5 4. Bg5 O-O 5. Nc3 Be7 6. Nf3 d6 7. O-O Bg4 8. Bxf6
Bxf6 9. Nd5 Nc6 10. c3 Be6 11. Nxf6+ Qxf6 12. Bxe6 Qxe6 13. b3 f5 14. Re1 fxe4
15. Rxe4 Ne7 16. c4 Ng6 17. g3 Qf5 18. Kg2 Rad8 19. Qe2 Rfe8 20. Rf1 a6 21. d4
c6 22. dxe5 d5 23. cxd5 cxd5 24. Re3 d4 25. Qc4+ Kh8 26. Nxd4 Qd7 27. Nf3 Rc8
28. Qe2 Rc5 29. Re1 Rec8 30. e6 Qe7 31. Nd4 Rd5 32. Re4 Rcd8 33. Rd1 Nf8 34. h4
R8d6 35. Qg4 Kg8 36. a4 Kh8 37. h5 Rg5 38. Qe2 Rdd5 39. g4 Rd6 40. f4 Rgd5 41.
f5 h6 42. Kh3 Nh7 43. Kg3 Ng5 44. Rf4 Rc5 45. Kg2 Rdd5 46. Nf3 Nxf3 47. Rxf3 Re5
48. Qd3 Qh4 49. Rg3 Qg5 50. Qd8+ Qxd8 51. Rxd8+ Kh7 52. Kh3 b6 53. Rb8 b5 54.
axb5 axb5 55. Rd3 Rcd5 56. Rxd5 1-0